Taylor Swift - Les Vault Track de Fearless (Taylor's Version) - Statistiques

Statistiques générales
  • Ce quiz a été pris 41 fois
  • Le résultat moyen est 5 sur 6
Statistiques - réponses
Hint Réponse % Correct
Fearless (Taylor's Version) Bye Bye Baby
96%
Fearless (Taylor's Version) Don't You
96%
Fearless (Taylor's Version) Mr. Perfectly Fine
96%
Fearless (Taylor's Version) That's When (ft. Keith Urban)
88%
Fearless (Taylor's Version) You All Over Me (ft. Maren Morris)
72%
Fearless (Taylor's Version) We Were Happy
64%
Aucun quiz correspondant
Distribution des résultats
% des personnes avec chaque résultat
Percentile par nombre de réponses
Votre historique - résultats
Vous n’avez pas pris ce quiz